<?xml version="1.0" encoding="UTF-8"?>
<marc:record xmlns:marc="http://www.loc.gov/MARC21/slim">
   <marc:leader>00000nam a2200000 a 4500</marc:leader>
   <marc:datafield ind1="1" ind2=" " tag="100">
      <marc:subfield code="a">Frears, Stephen</marc:subfield>
      <marc:subfield code="4">drt</marc:subfield>
      <marc:subfield code="e">Regisseur/-in</marc:subfield>
   </marc:datafield>
   <marc:datafield ind1="0" ind2="0" tag="245">
      <marc:subfield code="a">Florence Foster Jenkins [Bildtonträger]</marc:subfield>
   </marc:datafield>
   <marc:datafield ind1=" " ind2="1" tag="264">
      <marc:subfield code="a">München</marc:subfield>
      <marc:subfield code="b">Constantin Film</marc:subfield>
      <marc:subfield code="c">2017</marc:subfield>
   </marc:datafield>
   <marc:datafield ind1="1" ind2=" " tag="520">
      <marc:subfield code="a">FLORENCE FOSTER JENKINS erzählt die wahre Geschichte der gleichnamigen, legendären Erbin und exzentrischen Persönlichkeit im New York der 40er-Jahre. Geradezu zwanghaft verfolgt sie ihren Traum, eine umjubelte Opernsängerin zu werden. Die Stimme, die sie in ihrem Kopf hört, ist wunderschön - für alle anderen klingt sie einfach nur grauenhaft.&lt;br/&gt;Ihr "Ehemann" und Manager, St. Clair Bayfield, ein englischer Schauspieler von Adel, ist entschlossen, seine geliebte Florence vor der Wahrheit zu beschützen. Als Florence aber beschließt, ein öffentliches Konzert in der Carnegie Hall zu geben, muss sich St. Clair seiner größten Herausforderung stellen.&lt;br/&gt;&lt;br/&gt;[Verlagsmeldung]</marc:subfield>
   </marc:datafield>
   <marc:datafield ind1=" " ind2=" " tag="300">
      <marc:subfield code="a">1 DVD</marc:subfield>
   </marc:datafield>
</marc:record>
